| 000 | 00361nam a22001577a 4500 | ||
|---|---|---|---|
| 003 | MACL | ||
| 005 | 20151121155044.0 | ||
| 008 | 151121b xxu||||| |||| 00| 0 eng d | ||
| 040 | _cMACL | ||
| 041 | _aEnglish | ||
| 082 | _a826/VAT | ||
| 100 |
_a Dr.Vats,Sunil _917813 |
||
| 245 | _aAdvance Business Letters | ||
| 650 |
_aLetter _911954 |
||
| 942 |
_2ddc _cBK |
||
| 999 |
_c50866 _d50866 |
||